000 01110nam a22003257a 4500
003 CHAP
005 20220329143724.0
008 110411s1991 mx a r 00010 spa d
010 _a100915
011 _a101887
020 _a8423408396
035 _a112575
040 _cCHAP
082 0 4 _a613
_bV58
100 1 _aVerdrager, Jacques
_9118862
245 1 0 _aMedicina natural contra el cáncer :
_btodo lo que usted debe saber para prevenir el cancer
_c/por Jacques Verdrager
260 _aMéxico, D.F. :
_bPlaneta Mexicana,
_c[1991?]
300 _a130 p. :
_bilus.
534 _pTít. original :
_tMédicine naturelle contre cancer.
_cParis : France-Empire.
590 _aBATCH-UPD
_b10
_c20130110
_lUCH01
_h1551
590 _aBATCH-UPD
_b10
_c20130410
_lUCH01
_h0949
590 _aBATCH-UPD
_b10
_c20130914
_lUCH01
_h0952
590 _aCONVERSION
_b10
_c20130109
_lUCH01
_h1356
650 1 4 _aCáncer.
_924025
650 1 4 _aMedicina alternativa.
_973914
650 1 4 _aMedicina tradicional.
_973921
901 _aBK
942 _cLIBRO
949 _a613 V58
_bBC
_cLIBRO
_d33724002239413
_eLIBRO
_h114652
_i112575
_sb
999 _c100915
_d100915